| Поле | Название | Значение |
| |
Тип записи |
a |
| |
Библиографический уровень |
m |
| 001 |
Контрольный номер |
a2b8715f82734170828754e599f77757 |
| 005 |
Дата корректировки |
20260602141239.8 |
| 010 |
Индекс ISBN |
__ |
| a |
ISBN |
978-5-04-096634-9 (в пер.) |
| d |
Цена |
279-00, 7000 экз. |
| 100 |
Данные общей обработки |
__ |
| a |
Данные общей обработки |
19191016d2018 |||y0rusy0189 ca |
| 101 |
Язык документа |
0_ |
| a |
Язык текста |
rus |
| 102 |
Страна публикации |
__ |
| a |
Страна публикации |
RU |
| 102 |
Страна публикации |
__ |
| a |
Страна публикации |
RU |
| 105 |
Кодированные данные (монография) |
__ |
| a |
Кодированные данные (монография) |
#||||||||00zy |
| 200 |
Заглавие и сведения об ответственности |
1_ |
| a |
Заглавие |
Счастливы по-своему |
| f |
Первые сведения об ответственности |
Татьяна Труфанова |
| b |
Общее обозначение материала |
Текст |
| 210 |
Выходные данные |
1_ |
| a |
Место издания |
Москва |
| c |
Издательство |
Эксмо |
| d |
Дата издания |
2018 |
| 215 |
Физическое описание |
__ |
| a |
Объем |
382 с. |
| d |
Формат |
20 см |
| 225 |
Серия |
2_ |
| a |
Серия |
Тонкие натуры. Проза Татьяны Труфановой |
| 330 |
Аннотация |
__ |
| a |
Аннотация |
Юля стремится вырваться на работу, ведь за девять месяцев ухода за младенцем она, как ей кажется, успела превратиться в колясочного кентавра о двух ногах и четырех колесах. Только как объявить о своем решении, если близкие считают, что важнее всего материнский долг? Отец семейства, Степан, вынужден работать риелтором, хотя его страсть - программирование. Но есть ли у него хоть малейший шанс выполнить работу к назначенному сроку, при том что жена все-таки взбунтовалась? Ведь растить ребенка не так просто, как ему казалось! А уж когда из Москвы возвращается Степин отец - успешный бизнесмен и по совместительству миллионер, забот у молодого мужа лишь прибавляется… |
| 333 |
Примечание о целевом назначении |
__ |
| a |
Примечание о целевом назначении |
16+. Для детей старше 16 лет |
| 606 |
Тематические рубрики |
__ |
| a |
Основная рубрика |
Художественная литература |
| 606 |
Тематические рубрики |
__ |
| a |
Основная рубрика |
Современная русская литература (произведения) |
| 610 |
Ключевые слова |
0_ |
| a |
Ключевые слова |
романы |
| 610 |
Ключевые слова |
0_ |
| a |
Ключевые слова |
проза |
| 610 |
Ключевые слова |
0_ |
| a |
Ключевые слова |
современная проза |
| 610 |
Ключевые слова |
0_ |
| a |
Ключевые слова |
сентиментальная проза |
| 610 |
Ключевые слова |
0_ |
| a |
Ключевые слова |
тема семьи |
| 610 |
Ключевые слова |
0_ |
| a |
Ключевые слова |
тема детей |
| 610 |
Ключевые слова |
0_ |
| a |
Ключевые слова |
тема счастья |
| 610 |
Ключевые слова |
0_ |
| a |
Ключевые слова |
тема взаимоотношений |
| 686 |
Индексы других классификаций |
__ |
| 2 |
Код системы |
rubbks |
| a |
Классификационный индекс |
84(2=411.2)6-4; ст84(2=411.2)6-4 |
| 700 |
Автор |
_1 |
| a |
Фамилия |
Труфанова |
| b |
Имя |
Т. О. |
| g |
Полное личное имя |
Татьяна Олеговна |
| 4 |
Код отношения |
070 |
| 801 |
Источник записи |
_2 |
| a |
Страна |
RU |
| b |
Организация |
Муниципальное бюджетное учреждение культуры "Централизованная библиотечная система" г. Сургут (Центральная городская библиотека им. А. С. Пушкина) |
| c |
Дата составления |
20191016 |
| 852 |
Данные о местонахождении |
__ |
| j |
Шифр хранения |
84(2=411.2)6-4 |
| i |
Авторский знак |
Т 80 |
| 901 |
Тип документа |
__ |
| a |
Ответственный |
ООФиК/Волкова |
| t |
Тип документа |
m |
| 903 |
Характеристики (МАРС) |
__ |
| a |
Дата передачи |
20191016 |
| 990 |
Данные о заказе (DOS) |
__ |
| j |
Количество экземпляров (DOS) |
1 |
| t |
N записи в КСУ для И/У (DOS) |
201910 |
| 996 |
Контроль за деятельностью лиц, находящихся под иностранным влиянием |
__ |
| b |
Текстовое указание |
Содержит информацию о наркотических или психотропных веществах, употребление которых опасно для здоровья. Их незаконный оборот влечет уголовную ответственность (18+) |